000 01053nam a2200289 i 4500
003 DO-SdBNP
005 20250721110137.0
007 ta
008 250721b2017 dr b|||| |||| 00| 0 spa d
020 _a9789945598094
040 _aDO-SdBNP
_bspa
_cBNPHU
_erda
082 4 _axxx
_bT693e
_222
100 _aTorres Veras, Mayobanex A.,
_eautor
_4aut.
_940387
245 1 0 _a¿Es tiempo de dolarizar? :
_buna propuesta para América Latina y el Caribe /
_cMayobanex A. Torres Veras ; corrección, Guido Iguanzo, Jorge Sosa
264 1 _aSanto Domingo :
_cEditorial argos,
_b2017.
300 _a190 páginas :
_bmapas ;
_c22 cm.
336 _atexto
_btxt
_2rdacontent
337 _asin mediación
_bn
_2rdamedia
338 _avolumen
_bnc
_2rdacarrier
500 _aIncluye datos biográficos del autor en la contracubierta
504 _aBibliografía : página 181-188
590 _aInventariado, 2025/BT
700 1 _aIguanzo, Guido,
_ecorrector
_4corr.
_988402
700 1 _aSosa, Jorge,
_ecorrector
_4corr.
_925314
910 _aBtavárez
942 _2ddc
_cLBS1
999 _c59591
_d59591